| 000 | 01510cam a22004097a 4500 | ||
|---|---|---|---|
| 003 | CHAP | ||
| 005 | 20220329142946.0 | ||
| 008 | 050421d2003 mx a r 00010 spa d | ||
| 010 | _a90154 | ||
| 011 | _a91126 | ||
| 020 | _a9681853695 | ||
| 035 | _a101684 | ||
| 040 | _cCHAP | ||
| 082 |
_a631.522 _bP64Y 2003 |
||
| 100 | 0 | 0 |
_aPoehlman, John Milton. _989486 |
| 245 | 1 | 0 |
_aMejoramiento genético de las cosechas _c/por John Milton Poehlman y David Allen Sleper |
| 250 | _a2ed. | ||
| 260 |
_aMéxico, D. F. : _bLimusa, _c2003. |
||
| 300 |
_a511 p. ; _bilus. |
||
| 490 | 0 |
_aCANIEM _v; 121 |
|
| 500 | _aTrad. de : Breeding field crops | ||
| 590 |
_aBATCH-UPD _b10 _c20130109 _lUCH01 _h2337 |
||
| 590 |
_aBATCH-UPD _b10 _c20130110 _lUCH01 _h0632 |
||
| 590 |
_aBATCH-UPD _b10 _c20130110 _lUCH01 _h2309 |
||
| 590 |
_aCONVERSION _b10 _c20130109 _lUCH01 _h1350 |
||
| 650 | 1 | 4 |
_aCultivos. _930221 |
| 650 | 1 | 4 |
_aPlantas _xMejoramiento. _988849 |
| 700 | 0 |
_aSleper, David Allen. _9106869 |
|
| 830 | 0 | 0 |
_aCANIEM _v; 121 _918363 |
| 901 | _aBK | ||
| 905 | _aAlejandra Carrasco M. | ||
| 942 | _cLIBRO | ||
| 949 |
_a631.522 P64Y 2003 _bBC _cLIBRO _d33724000799466 _eLIBRO _h105332 _i101684 _si _t$ 290.00 |
||
| 949 |
_a631.522 P64Y 2003 _bBC _cLIBRO _d33724000957445 _eLIBRO _fc.4 _h105772 _i101684 _kI.c/e _si _t$ 246.50 |
||
| 949 |
_a631.522 P64Y 2003 _bBC _cLIBRO _d33724000957502 _eLIBRO _fc.3 _h105771 _i101684 _kI.c/e _si _t$ 246.50 |
||
| 949 |
_a631.522 P64Y 2003 _bBC _cLIBRO _d33724000957569 _eLIBRO _fc.2 _h105770 _i101684 _kI.c/e _si _t$ 246.50 |
||
| 999 |
_c90154 _d90154 |
||